000 00515nam a2200205Ia 4500
008 160819s9999 xx 000 0 und d
020 _a978-1-84476-327-6
050 _aCUL TX 714
050 _b.F37 2006
100 _aFarrow, Joanna.
245 _a200 best-ever recipes with just four ingredients /
245 _cJoanna Farrow.
260 _aLondon :
260 _bSouthwater,
260 _c2006
300 _a256 pages :
300 _bcolor illustrations ;
300 _c22 cm.
650 _aCooking.
999 _c300679
_d300679